000 02688cam a2200349 4500500
005 20260329014733.0
041 _afre
042 _adc
100 1 0 _aVandamme, Pierre-Étienne
_eauthor
245 0 0 _aLe principe de différence, le socialisme et l’écologie
260 _c2026.
500 _a1
520 _aCet article examine dans quelle mesure John Rawls pourrait être considéré comme un allié intellectuel de l’écologie et du socialisme. Bien que son œuvre offre des ressources indispensables pour penser un éco-socialisme respectueux des droits fondamentaux et de l’égalité des chances, ainsi qu’une société post-croissance, le principe de différence, dans certaines de ses formulations, demeure ambivalent. La thèse de cet article est que ce principe reste habité par un résidu d’une logique maximisatrice d’efficacité qui peut être en tension avec l’égalitarisme socialiste, d’une part, et la protection de l’environnement, d’autre part. Une reformulation non maximisatrice du principe de différence est donc proposée, qui distingue mieux les exigences de justice et d’efficacité, et qui est davantage compatible avec l’égalité et la sobriété collective.
520 _aThis article examines the extent to which John Rawls could be considered an intellectual ally of ecology and socialism. Although his work offers indispensable resources for conceiving a form of eco-socialism that respects fundamental rights and equal opportunities, as well as a post-growth society, the principle of difference, in some of its formulations, remains ambivalent. The thesis of this article is that this principle remains imbued with a residue of a an efficiency-maximizing logic that can be in tension with socialist egalitarianism on the one hand, and environmental protection on the other. A non-maximising reformulation of the difference principle is therefore proposed, which better distinguishes between the requirements of justice and efficiency, and which is more compatible with equality and collective sobriety.
690 _aécologie
690 _aefficacité
690 _aégalité
690 _aPrincipe de différence
690 _asobriété
690 _asocialisme
690 _aB2-24
690 _aB3-31
690 _aD6-63
690 _aDifference principle
690 _aEcology
690 _aEfficiency
690 _aEquality
690 _aSobriety
690 _aSocialism
786 0 _nRevue de philosophie économique | - | 1 | 2026-02-19 | p. 63-89 | 1376-0971
856 4 1 _uhttps://shs.cairn.info/revue-revue-de-philosophie-economique-2026-1-page-63?lang=fr&redirect-ssocas=7080
999 _c1891674
_d1891674